000
00507nam a2200181Ia 4500
008
090123s9999 xx 000 0 und d
082
_b
617
100
_a
खांडेकर वि.स.
245
_a
मंजिऱ्या
250
_a
2
260
_b
देशमुख रा.ज.
300
_a
105
600
_a
खांडेकर वि.स.
630
_a
मंजिऱ्या
700
_a
खांडेकर वि.स.
730
_a
मंजिऱ्या
942
_c
BOOK
999
_c
38704
_d
38704